Statistics for Disney Pixar Character by Quote #5

Click here to take the quiz!

General Stats

  • This quiz has been taken 48 times
  • The average score is 6 of 15

Answer Stats

QuoteCharacter% Correct
"I'm watching you, Wazowski. Always watching"Roz
78%
"All drains lead to the ocean, kid."Gill
63%
"Classified."EVE
52%
"Don't you know this is an exclusive club? Only explorers get in here."Ellie
48%
"Spot! Come here, Spot, come here!"Arlo
43%
"Those are some strong words coming from a car that is so fragile"Lightning McQueen
43%
"Keep your station clear, or I will kill you!"Colette
41%
"I tried reasoning with you, Woody. But you keep forcing me to take extreme measures."Stinky Pete
41%
"Oh, good. Because, you see, when you first brought them here, I'd thought you'd hired a bunch of clowns!"Princess Atta
37%
"C'mon Gerald, give us your pail and we'll let you sit on the rock."Fluke
30%
"I hit my head very hard out there. See how swollen it is?"Bailey
28%
"Feast your eyes!"Lord Dingwall
24%
"Valuing life is not weakness. And disregarding it, is not strength.Mirage
24%
"Sometimes you got to get through your fear to see the beauty on the other side."Poppa
17%
"Mum and Dad with us in public? No thank you."Digust
9%

Score Distribution

Percentile by Number Answered

Percent of People with Each Score

Your Score History

You have not taken this quiz